| 000 | 00422nam a2200181Ia 4500 | ||
|---|---|---|---|
| 008 | 210210b1911 xxu||||| |||| 00| 0 eng d | ||
| 041 | _aeng | ||
| 082 | _a515/118 | ||
| 100 | _aSALMON (George) | ||
| 245 | _aTreatise on conic sections | ||
| 260 |
_aLondon _bLongmans Green & Co Ltd. _c1911 |
||
| 650 | _aTreatise | ||
| 650 | _asections | ||
| 650 | _aon | ||
| 650 | _aconic | ||
| 690 | _aGeometry | ||
| 906 | _a007682 | ||
| 999 |
_c140236 _d140236 |
||